000 00748nam a2200289Ia 4500
001 Z_5857
003 CHAP
008 220113s2009 xx 000 0 und d
010 _a169063
020 _a978-1-4075-5695-6
040 _cCHAP
082 _a598.2 D6
100 _aDolder, Willi
_9143380
245 _aAnimales en peligro : especies e vías de extinción y hábitats amenazados /
_cWilli Dolder y Ursula Dolder - Pippke
260 _aBath, Reino Unido :
_bParragon,
_c2009
300 _a256 p. ; ilus
503 _ac/e
650 _aAnimales
_xExtinción
_95863
650 _aAves
_98590
650 _aMamiferos
_970236
901 _a598.2 D6
902 _aA
910 _a2009
942 _c1
942 _cc1
999 _c169063
_d169063